1370 1905 1304 1769 1220 1522 1770 1504 1558 1859 1784 1050 1040 1297 1714 1739 1711 1727 1896 1396 1982 1773 1932 1912 1064 1072 1224 1269 1961 1820 1518 1759 1201 1244 1982 1212 1557 1715 1260 1978 1397 1172 1173 1886 1007 1809 1262 1755 1053 1560 1639 1998 1757 1685 1338 1342 1712 1356 1957 1020 1947 1490 1397 1673 1244 1484 1004 1078 1192 1779 1425 1265 1635 1022 1863 1555 1873 1018 1290 1720 1924 1416 1685 1690 1257 1407 1589 1819 1294 1815 1885 1967 1415 1025 1676 1239 1949 1528 1150 BCNSPRNW ULIB Ver.6.0+V

เปลี่ยนเป็นภาษาไทย

Change to English
 แสดงรายละเอียดบรรณานุกรม
  กลับหน้าหลัก

Brief Record : Get Marc (ISO 2709) : E-mail record : QR code < ปิดหน้าต่าง
LEADER : 00000nam 2200000uu 4500
001    13399120509
003     ULIB
008    120921s2551||||th 000 0 tha d
020    ^a9789747477153
060 04 ^aWB925^bม443ส 2551
100 0  ^aมานพ ประภาษานนท์
245 10 ^aสุขภาพสร้างได้ /^cมานพ ประภาษานนท์
250    ^aพิมพ์ครั้งที่ 1
260    ^aกรุงเทพฯ :^bเรือนปัญญา,^c2551
300    ^a133 หน้า :^bภาพประกอบ ;^c19 ซม.
650  7 ^aสุขวิทยา
650  7 ^aสุขภาพ
945    ^p135^l0^i15231
995    ^aกัณชพร
999 ^a ใช้งานได้ทุกระบบ
รายการนี้ยังไม่มีแท็ก
คุณยังไม่ได้ล็อกอิน คุณสามารถมีกิจกรรมร่วมกับเว็บไซต์ได้ แต่ต้องล็อกอินก่อน ::
  ล็อกอิน

รายการสื่อสารสนเทศ

ลำดับที่ ประเภท เลขเรียก/บาร์โค้ด สถานที่ สถานะ
1. วิทยาศาสตร์การแพทย์ และสุขภาพ
วิทยาศาสตร์การแพทย์ และสุขภาพ
WB925 ม443ส 2551  
  Barcode: 15231
ห้องสมุดวิทยาเขตสวรรค์ประชารักษ์
►ส่วนจัดเก็บหนังสือเก่า สปร
บนชั้น
  ขอยืม

รายการใกล้เคียง
    ผู้แต่ง [มานพ ประภาษานนท์]

    หัวเรื่อง [สุขวิทยา]
    หัวเรื่อง [สุขภาพ]

BibComment


ยังไม่เคยถูกคอมเมนท์

คอมเมนท์ทรัพยากรรายการนี้
  คอมเมนท์: สุขภาพสร้างได้ ..


 Copyright 2026. Bcnsprnw @Library